000 00592nam a2200193Ia 4500
003 GCL
008 140319s9999 xx 000 0 ara d
040 _aGCL /
_cGCL
082 0 4 _a419
_bا ك
100 1 _aاشرف محمد موسى
245 1 0 _aالكتابة العربية : الادبية والعلمية /
_cاشرف محمد موسى
260 _a[S.N] :
_bالمكتبة الاكاديمية ،
_c1978
300 _a166 ص
490 _a
650 0 4 _aالكتابة
650 0 4 _aالكتابة العربية
650 0 4 _aالكتابة العلمية
942 _2ddc
_cBK
999 _c36855
_d36855